Δημόσια αγαθά και o δημόσιος τομεύς
Αποθηκεύτηκε σε:
| Κύριος συγγραφέας: | |
|---|---|
| Άλλοι συγγραφείς: | , |
| Μορφή: | Βιβλίο |
| Γλώσσα: | Greek English |
| Δημοσίευση: |
Αθήνα :
Σάκκουλα,
1972.
|
| Σειρά: | Macmillan studies in economics ;
8 |
| Θέματα: | |
| Ετικέτες: |
Προσθήκη ετικέτας
Δεν υπάρχουν, Καταχωρήστε ετικέτα πρώτοι!
|
MARC
| LEADER | 00000cam a2200000 i 4500 | ||
|---|---|---|---|
| 001 | 1/7671 | ||
| 008 | 970526s1972 gr | ||| |||| ||gre|| | ||
| 035 | |l 10016792 | ||
| 040 | |a GR-MyUA |b gre |e AACR2 | ||
| 041 | 1 | |a gre |h eng | |
| 082 | 0 | |a 336 | |
| 100 | 1 | |a Peston, Maurice. | |
| 245 | 1 | 0 | |a Δημόσια αγαθά και o δημόσιος τομεύς / |c Maurice Peston ; μετάφραση Βασίλη Δαλαμάγκα ; επιμέλεια Π. Γ. Παυλοπούλου. |
| 260 | |a Αθήνα : |b Σάκκουλα, |c 1972. | ||
| 300 | |a 79 σ. | ||
| 490 | 1 | |a (Macmillan studies in economics |v ; 8) | |
| 500 | |a Τίτλος πρωτοτύπου: Public goods and the public sector. | ||
| 504 | |a Περιέχει βιβλιογραφία. | ||
| 650 | 0 | 0 | |a Public goods. |
| 650 | 0 | 0 | |a Finance, Public. |
| 700 | 1 | |a Δαλαμάγκας, Βασίλειος, |e trl | |
| 700 | 1 | |a Παυλόπουλος, Παναγιώτης Γ., |d 1930- |e edt | |
| 830 | 0 | |a Macmillan studies in economics ; |v 8 | |
| 852 | |a INST |b LESVOS |e 19970526 |h 336 PES |p 005100012033 |q 005100012033 |t BK |y 0 | ||
| 909 | |a Λ |b 049083 | ||
| 950 | |a 054/1996-02-06 | ||